00650 2200229 4500001002100000005001500021035002000036007000300056008003900059082001700098084002300115100002500138245010000163260002400263300003400287856002200321650001200343650002300355650001000378651001600388990001600404INLIS00000000000603620220405095408 a0010-1120000014ta220405 | | |  a633.34-211.2 a633.34-211.2 KOE u1 aKOESNO, Tini Siniati1 aUji Potensi Beberapa Genotipe Kedelai Toleran Kekeringan Pada Lahan Tipe Iklim E di Timor-Timor aBogor :bIPB,c2000 a64p. :bilus ;c21 cm X 29 cm aUK/UPT BPTP Jatim 4akedelai 4atoleran kekeringan 4aiklim 4atimor-timor a00000000627